000 00302 a2200133 4500
999 _c12948
_d12948
008 240627b ||||| |||| 00| 0 eng d
020 _a9798892777254
082 _a720
100 _a Sahil Tanveer
245 _aDelirious Architecture
260 _bNotion Press
300 _a304pages
942 _2ddc